| 000 | 00899nam a22002417a 4500 | ||
|---|---|---|---|
| 999 |
_c8740 _d8740 |
||
| 003 | AR-CdUCM | ||
| 008 | 190325b ||||| |||| 00| 0 spa d | ||
| 020 | _a978-612-46418-0-0 | ||
| 040 |
_aMUNICIPALIDAD PROVINCIAL DEL CUSCO _cBIBLIOTECA MUNICIPAL DEL CUSCO |
||
| 082 |
_a301.394 / _bG21 |
||
| 100 |
_aGarcía, José María. _924396 |
||
| 245 | _aWith the andean communities of Ausangate / | ||
| 260 |
_aPerú : _bARS, _c2013. |
||
| 300 |
_a235 paginas ; _bIlustraciones, _c21 cm. |
||
| 505 | _aContenido : Foreword to the first edition -- Introduction to the 2006 edition -- Urcos june 1975 -- Yuthu august 20, 1975 -- Kuñutambo july 25, 1975 -- Ttiomayo january 1976... | ||
| 650 |
_aAusangate _924397 |
||
| 650 |
_aHistoria _9136 |
||
| 650 |
_aMistcidad _924398 |
||
| 650 |
_aSimbologia _95085 |
||
| 700 |
_aTruslow, Frederic J. (Traductor) _924399 |
||
| 942 |
_2ddc _cLIBROS |
||
| 945 | _awnts | ||